000 00289nam a22001337a 4500
008 170328b xxu||||| |||| 00| 0 eng d
020 _a9780471254690
041 _aeng
080 _a615.83
100 _a8
101 _aSHM
245 _aTHE GROUP THERAPY
_cJONGSMA.A.E
942 _2udc
_cBK
999 _c8835
_d8835